header

Unchopping a tree (Record no. 47778)

MARC details
000 -LEADER
fixed length control field 01362nam a2200349Ia 4500
082 04 - DEWEY DECIMAL CLASSIFICATION NUMBER
Classification number 303.6/9
100 1# - MAIN ENTRY--AUTHOR NAME
Personal name Verdeja, Ernesto.
245 10 - TITLE STATEMENT
Title Unchopping a tree
260 ## - PUBLICATION, DISTRIBUTION, ETC. (IMPRINT)
Place of publication Philadelphia :
Name of publisher Temple University Press,
Year of publication 2009.
300 ## - PHYSICAL DESCRIPTION
Number of Pages viii, 228 p.
490 1# - SERIES STATEMENT
Series statement Politics, history, and social change
650 #0 - SUBJECT ADDED ENTRY--TOPICAL TERM
Topical Term Political violence.
Topical Term Social conflict.
Topical Term Conflict management.
Topical Term Reconciliation.
856 40 - ELECTRONIC LOCATION AND ACCESS
Uniform Resource Identifier http://site.ebrary.com/lib/rucke/Doc?id=10338594

No items available.

© 2026 Rongo University
Contact us: librarian | system librarian | Rongo university